000 00460nam a2200169 4500
003 SEACOMMC
005 20250128115613.0
008 250128b |||||||| |||| 00| 0 eng d
020 _a 9789352530144
_cRs.130.00
040 _aSEACOMMC
082 _a425
_bW 945
100 _a Wren, P C
245 1 _a High School English Grammar & Composition
_c P C Wren & H Martin
260 _aNew Delhi
_b S. Chand Publishers
_c 2007
650 _a English
942 _cBOOK
999 _c1033
_d1033